Normal view
MARC view
- الجولان(سوريا)- تاريخ- الاحتلال الاسرائيلي
Entry Topical Term
001 - CONTROL NUMBER
- control field: 50424
003 - CONTROL NUMBER IDENTIFIER
- control field: JO-AjAnu
005 - DATE AND TIME OF LATEST TRANSACTION
- control field: 20230606082313.0
008 - FIXED-LENGTH DATA ELEMENTS
- fixed length control field: 230606|| aca||aabn | a|a d
040 ## - CATALOGING SOURCE
- Original cataloging agency: JO-AjAnu
- Transcribing agency: JO-AjAnu
150 ## - HEADING--TOPICAL TERM
- Topical term or geographic name entry element: الجولان(سوريا)- تاريخ- الاحتلال الاسرائيلي
670 ## - SOURCE DATA FOUND
- Source citation: Work cat.: (JO-AjAnu)25779: تاليف العتوم، علي, author 50423, الجولان السوري وفلسطينها سوريتان كلاهما صنوان، أرض ووطن لا فرق أو تفريق بينهما فالعدو واحد